000 00443pab a2200169 454500
008 180718b1962 xxu||||| |||| 00| 0 eng d
100 _aLulla, L.S.
245 _aCorporation pattern of nationalised road transport undertakings
260 _c1962
300 _ap.210-214.
362 _aApr-Jun
650 _aTransport
650 _aRoad transport
773 _aIndian Journal of Public Administration
908 _aN
909 _a100422
999 _c100421
_d100421